1411 1110 1733 1486 1301 1598 1325 1169 1729 1809 1544 1560 1403 1721 1408 1985 1035 1685 1390 1258 1088 1223 1244 1310 1645 1385 1961 1575 1244 1843 1013 1470 1923 1816 1327 1003 1930 1830 1621 1147 1258 1455 1477 1584 1326 1373 1254 1387 1998 1489 1277 1741 1720 1381 1710 1606 1060 1188 1090 1259 1198 1756 1474 1630 1347 1797 1611 1832 1107 1670 1742 1786 1336 1340 1747 1843 1230 1398 1742 1177 1146 1713 1511 1086 1758 1436 1032 1301 1197 1795 1239 1890 1235 1175 1315 1065 1326 1218 1323 BCNSPRNW ULIB Ver.6.0+V

เปลี่ยนเป็นภาษาไทย

Change to English
 แสดงรายละเอียดบรรณานุกรม
  กลับหน้าหลัก

Brief Record : Get Marc (ISO 2709) : E-mail record : QR code < ปิดหน้าต่าง
LEADER : 00000nam 2200000uu 4500
001    13399114323
003     ULIB
008    120321s2550||||th 000 0 tha d
020    ^a9789747446593
090    ^aนว.^bw111อ 2550
100 0  ^aเมเปิ้ลสีขาว
245 00 ^aอาทิตย์แรกแห่งพันต์/^cเมเปิ้ลสีขาว
250    ^aพิมพ์ครั้งที่ 1
260    ^aกรุงเทพฯ :^bแจ่มใส,^c2550
300    ^a300 หน้า
710 1  ^aแจ่มใส
945    ^p189^l0^i14511
995    ^aกัณชพร
999    ^aใช้งานได้ทุกระบบ
รายการนี้ยังไม่มีแท็ก
คุณยังไม่ได้ล็อกอิน คุณสามารถมีกิจกรรมร่วมกับเว็บไซต์ได้ แต่ต้องล็อกอินก่อน ::
  ล็อกอิน

รายการสื่อสารสนเทศ

ลำดับที่ ประเภท เลขเรียก/บาร์โค้ด สถานที่ สถานะ
1. นวนิยาย
นวนิยาย
นว. w111อ 2550  
  Barcode: 14511
ห้องสมุดวิทยาเขตสวรรค์ประชารักษ์
►นวนิยาย
บนชั้น
  ขอยืม

รายการใกล้เคียง
    ผู้แต่ง [เมเปิ้ลสีขาว]

BibComment


ยังไม่เคยถูกคอมเมนท์

คอมเมนท์ทรัพยากรรายการนี้
  คอมเมนท์: อาทิตย์แรกแห่งพั..


 Copyright 2026. Bcnsprnw @Library